| 000 | 00653cab a2200241 4500 | ||
|---|---|---|---|
| 001 | ABS45955 | ||
| 008 | 090401t1992 xxu||||| |||| 00| 0 eng d | ||
| 035 | _a(Sirsi) u56056 | ||
| 041 | _aeng | ||
| 100 | _aJohnson, A. | ||
| 245 | _aTaxes on foreign investment in Spain | ||
| 260 | _c1992 | ||
| 350 | _a0 | ||
| 490 |
_aLaw Society`s Gazette _v89(8) 26 February 1992, 18-19(2) |
||
| 520 | _aExamines the effect of new tax legislation on owners of Spanish property. | ||
| 650 | _aFOREIGN INVESTMENT | ||
| 650 | _aNON-RESIDENTS | ||
| 650 | _aTAX LAW | ||
| 690 | _aOVERSEAS-EUROPE | ||
| 690 | _aTAXATION | ||
| 942 | _n0 | ||
| 948 | _c04/03/1997 | ||
| 999 |
_c34222 _d34222 |
||